000 00419nam a2200205Ia 4500
003 IT-RoPAU
008 120407s9999 xx 000 0 und d
040 _aIT-RoPAU
040 _cIT-RoPAU
041 _aita
100 _aJacques Loew
245 _aGesù chiamato il Cristo.
260 _aMorcelliana
260 _c1971
300 _a259 p.
300 _c21 cm
490 _v1
942 _cBK
999 _c30712
_d30712